I Don't Like My Mind Lyrics (Mitski) - Statistics

General Stats
  • This quiz has been taken 6 times
  • The average score is 114 of 134
Answer Stats
Lyrics % Correct
A
100%
All
100%
Alone
100%
An
100%
And
100%
Be
100%
Being
100%
Blast
100%
Cake
100%
Done
100%
Don't
100%
For
100%
Get
100%
I
100%
In
100%
I've
100%
Left
100%
Like
100%
Loud
100%
Me
100%
Mind
100%
Music
100%
My
100%
Myself
100%
Room
100%
Sick
100%
That
100%
The
100%
Then
100%
Throw
100%
To
100%
Up
100%
Whole
100%
With
100%
Work
100%
Yeah
100%
About
80%
Another
80%
Bone
80%
Eat
80%
From
80%
It
80%
Its
80%
It's
80%
Job
80%
Memory
80%
Opinions
80%
Please
80%
So
80%
Stuck
80%
Things
80%
Christmas
60%
Gets
60%
Inconvenient
60%
Inside
60%
Of
60%
On
60%
Skull
60%
Take
60%
There
60%
There's
60%
This
60%
Walls
60%
Few
40%
Full
40%
May
40%
Talk
40%
Turn
40%
Waiting
40%
Years
40%
Bet
20%
But
20%
Can
20%
Still
20%
You
20%
No matching quizzes found
Score Distribution
Percent of People with Each Score
Percentile by Number Answered
Your Score History
You have not taken this quiz